000 00315nam a2200133Ia 4500
008 231129s1976||||xx |||||||||||||| ||spa||
040 _bspa
082 _a818 A432s
100 _aAllen Woody
245 0 _aSin plumas
260 _c1976
264 _aBogotá Colombia : Cí­rculo de Lectores
942 _2ddc
_cBKS
999 _c24644
_d24644